Countries with the most Italian speakers - Statistics

General Stats
  • This quiz has been taken 57 times
  • The average score is 16 of 21
Answer Stats
# of Speakers Country % Correct
3,820,442 United States of America
100%
3,237,620 France
98%
58,213,202 Italy
98%
574,725 Canada
96%
1,335,739 United Kingdom
96%
1,128,417 Spain
92%
1,277,411 Switzerland
92%
2,536,126 Germany
90%
290,328 Australia
88%
790,249 Austria
88%
249,408 Slovenia
82%
1,359,791 Argentina
73%
375,096 Greece
73%
580,667 Belgium
71%
707,987 Poland
67%
799,414 Albania
57%
171,576 Malta
57%
122,901 Colombia
55%
600,000 Venezuela
53%
1,493,378 Romania
51%
178,794 Uruguay
49%
No matching quizzes found
Score Distribution
Percent of People with Each Score
Percentile by Number Answered
Your Score History
You have not taken this quiz